All Items in Super Smash Bros. Ultimate - Statistics

General Stats
  • This quiz has been taken 6 times
  • The average score is 61 of 87
Answer Stats
Category Answer % Correct
Status Super Star
100%
Summoning Assist Trophy
80%
Status Back Shield
80%
Throwing Banana Peel
80%
Container Barrel
80%
Throwing Beetle
80%
Explosive/Throwing Bob-omb
80%
Explosive/ Throwing Bombchu
80%
Throwing Boomerang
80%
Special Boss Galaga
80%
Transformation Bullet Bill
80%
Status Bunny Hood
80%
Container Capsule
80%
Container Crate
80%
Special/Shooting Daybreak
80%
Battering Death's Scythe
80%
Throwing Deku Nut
80%
Special Dragoon
80%
Throwing/Recovery Fairy Bottle
80%
Explosive Fake Smash Ball
80%
Battering Fire Bar
80%
Shooting Fire Flower
80%
Recovery Food
80%
Status Franklin Badge
80%
Special Golden Hammer
80%
Explosive/Throwing Gooey Bomb
80%
Throwing Green Shell
80%
Shooting Gust Bellows
80%
Special Hammer
80%
Throwing/Recovery Healing Sprout
80%
Recovery Heart Container
80%
Battering Home-Run Bat
80%
Battering Killing Edge
80%
Special Lightning Bolt
80%
Battering Lip's Stick
80%
Recovery Maxim Tomato
80%
Status Metal Box
80%
Explosive/Throwing Motion-Sensor Bomb
80%
Throwing Mr. Saturn
80%
Container Party Ball
80%
Status Poison Mushroom
80%
Throwing/Summoning Poké ball
80%
Container Rolling Crate
80%
Status Screw Attack
80%
Special Smash Ball
80%
Special Special Flag
80%
Explosive/Throwing Spiny Shell
80%
Shooting Staff
80%
Battering/Shooting Star Rod
80%
Status Super Leaf
80%
Status Super Mushroom
80%
Shooting Super Scope
80%
Status Timer
80%
Explosive/Throwing X Bomb
80%
Shooting Banana Gun
60%
Battering Beam Sword
60%
Throwing Beast Ball
60%
Throwing Bee Hive
60%
Explosive Bomber
60%
Throwing Bumper
60%
Throwing Cucco
60%
Shooting Drill
60%
Throwing Freezie
60%
Throwing/Recovery Healing Field
60%
Throwing Hothead
60%
Throwing Killer Eye
60%
Throwing/Summoning Master Ball
60%
Battering Ore Club
60%
Throwing Pitfall
60%
Shooting Rage Blaster
60%
Shooting Ray Gun
60%
Special/Container Sandbag
60%
Throwing Smoke Ball
60%
Special Soccer Ball
60%
Shooting Steel Diver
60%
Special/Explosive Warp Star
60%
Throwing Black Hole
40%
Explosive Blast Box
40%
Special Grass
40%
Explosive/Throwing Hocotate Bomb
40%
Throwing POW Block
40%
Shooting Ramblin' EvilMushroom
40%
Status Rocket Belt
40%
Explosive/Throwing Smart Bomb
40%
Throwing Super Launch Star
40%
Status/Shooting SuperspicyCurry
40%
Throwing Urina
40%
No matching quizzes found
Score Distribution
Percent of People with Each Score
Percentile by Number Answered
Your Score History
You have not taken this quiz